| 000 | 01498cam a22003497a 4500 | ||
|---|---|---|---|
| 003 | CHAP | ||
| 005 | 20220329142432.0 | ||
| 008 | 001031d2000 mx rs o00110 spa d | ||
| 010 | _a83412 | ||
| 011 | _a84384 | ||
| 020 | _a9701330919 | ||
| 035 | _a94904 | ||
| 040 | _cCHAP | ||
| 082 | 0 | 4 |
_a333.0972 _bI55 Coah. 1992-99 |
| 110 | 2 |
_aInstituto Nacional de Estadística, Geografía e Informática. México _959304 |
|
| 245 | 1 | 0 |
_aNúcleos agrarios : tabulados básicos por municipio : Coahuila _bprograma de certificación de derechos ejidales y titulación de solares, PROCEDE, 1992-1999 _c/por Instituto Nacional de Estadística, Geografía e Informática |
| 260 |
_aAguascalientes, Ags. : _bInstituto Nacional de Estadística, Geografía e Informática, _c2000. |
||
| 300 |
_a68 p. : _banexo |
||
| 500 | _acontinua de : Tabulados básicos ejidales por municipio.... | ||
| 590 |
_aBATCH-UPD _b10 _c20130110 _lUCH01 _h0759 |
||
| 590 |
_aBATCH-UPD _b10 _c20130410 _lUCH01 _h0438 |
||
| 590 |
_aBATCH-UPD _b10 _c20130914 _lUCH01 _h1254 |
||
| 590 |
_aCONVERSION _b10 _c20130109 _lUCH01 _h1346 |
||
| 650 | 1 | 4 |
_aEjidos _xCoahuila. _936010 |
| 650 | 1 | 4 |
_aTierras _xTenencia _xCoahuila. _9113152 |
| 650 | 1 | 4 |
_aTierras _xUtilización _xCoahuila. _9113231 |
| 901 | _aBK | ||
| 905 | _aLilia Sánchez G. | ||
| 942 | _cLIBRO | ||
| 949 |
_a333.0972 I55 Coah. 1992-99 _bBC _cINEGI _d33724000815809 _eINEGI _h99523 _i94904 _sb |
||
| 949 |
_a333.0972 I55 Coah. 1992-99 _bBC _cINEGI _d33724000869350 _eINEGI _fc.2 _h102722 _i94904 _sb |
||
| 999 |
_c83412 _d83412 |
||